[Event "Dortmund Sparkassen op 50th"]
[Site "Dortmund"]
[Date "2023.06.28"]
[Round "5"]
[White "Feuerstack, Aljoscha"]
[Black "Souhardo, Basak"]
[Result "1/2-1/2"]
[WhiteElo "2462"]
[BlackElo "2400"]
[PlyCount "59"]
[EventDate "2023.06.24"]
[EventType "swiss"]
[EventRounds "9"]
[EventCountry "GER"]
[SourceTitle "CBM 215 Extra"]
[Source "ChessBase"]
[SourceDate "2023.09.30"]
[SourceVersion "1"]
[SourceVersionDate "2023.09.30"]
[SourceQuality "1"]

1. e4 c5 2. Nf3 d6 3. d4 cxd4 4. Nxd4 Nf6 5. Nc3 a6 6. a3 e6 7. Be3 Be7 8. g4 d5 9. exd5 Nxd5 10. Nxd5 Qxd5 11. Rg1 Qa5+ 12. Qd2 Qxd2+ 13. Bxd2 Bf6 14. Be3 Bd7 15. 0-0-0 Nc6 16. Nb3 Be5 17. Nc5 0-0-0 18. f4 Bc7 19. Bg2 Be8 20. b4 Rxd1+ 21. Rxd1 Nd8 22. h3 Bc6 23. Bf1 Bf3 24. Rd3 Nc6 25. Rd7 Rd8 26. Rxd8+ Bxd8 27. Bd3 h5 28. g5 g6 29. Ne4 Bc7 30. Nd2 1/2-1/2

[Event "Teplice op"]
[Site "Teplice"]
[Date "2023.06.17"]
[Round "8"]
[White "Souhardo, Basak"]
[Black "Priehoda, Vitezslav"]
[Result "1-0"]
[WhiteElo "2400"]
[BlackElo "2257"]
[PlyCount "99"]
[EventDate "2023.06.10"]
[EventType "swiss"]
[EventRounds "9"]
[EventCountry "CZE"]
[SourceTitle "CBM 214 Extra"]
[Source "ChessBase"]
[SourceDate "2023.07.31"]
[SourceVersion "1"]
[SourceVersionDate "2023.07.31"]
[SourceQuality "1"]

1. e4 e5 2. Nf3 Nc6 3. Bb5 Nge7 4. c3 a6 5. Ba4 g6 6. 0-0 Bg7 7. d4 exd4 8. cxd4 b5 9. Bb3 0-0 10. d5 Na5 11. Bd2 Nxb3 12. Qxb3 d6 13. Bc3 c5 14. Bxg7 Kxg7 15. Nbd2 f6 16. Qc3 a5 17. a4 b4 18. Qc2 Ba6 19. Rfe1 Ng8 20. Nc4 Bxc4 21. Qxc4 Nh6 22. Nd2 Re8 23. f4 Nf7 24. Qd3 Ra7 25. Nc4 Rae7 26. Re3 Kh8 27. Rae1 Kg7 28. b3 Rd7 29. Qd2 Rde7 30. Qb2 Rd7 31. R1e2 Kg8 32. Kf1 Kg7 33. Ke1 Kg8 34. Kd1 Kg7 35. Kc1 Kg8 36. Kb1 Kg7 37. g4 h6 38. h4 Kh7 39. g5 fxg5 40. hxg5 h5 41. Qc2 Kg7 42. Nd2 Rc7 43. Rg2 Kf8 44. Nf3 c4 45. bxc4 Qd7 46. Nd4 Nd8 47. e5 dxe5 48. fxe5 Qg7 49. Rf2+ Kg8 50. Rf6 1-0

[Event "Munich Pfingst op-A 1st"]
[Site "Munich"]
[Date "2023.06.06"]
[Round "9"]
[White "Souhardo, Basak"]
[Black "Shyam, Sundar M"]
[Result "0-1"]
[WhiteElo "2400"]
[BlackElo "2502"]
[PlyCount "94"]
[EventDate "2023.05.31"]
[EventType "swiss"]
[EventRounds "9"]
[EventCountry "GER"]
[SourceTitle "EXT 2024"]
[Source "ChessBase"]
[SourceDate "2023.10.10"]
[SourceVersion "1"]
[SourceVersionDate "2023.10.10"]
[SourceQuality "1"]

1. e4 e5 2. Nf3 Nc6 3. Bb5 a6 4. Ba4 Bc5 5. 0-0 d6 6. d4 exd4 7. Nxd4 Nge7 8. Nxc6 Nxc6 9. Bxc6+ bxc6 10. Nd2 0-0 11. Nb3 Bb6 12. Qf3 Be6 13. Bd2 a5 14. Bc3 c5 15. Qg3 f6 16. Nc1 a4 17. Ne2 Bf7 18. Nf4 c6 19. a3 Bc7 20. Rfe1 Re8 21. Qf3 d5 22. exd5 Qd6 23. Bd2 cxd5 24. g3 Qd7 25. Nd3 Bd6 26. Bf4 Bf8 27. Rxe8 Rxe8 28. Re1 c4 29. Rxe8 Qxe8 30. Nb4 d4 31. Qc6 Qxc6 32. Nxc6 Bc5 33. Bd2 c3 34. bxc3 Bxa3 35. cxd4 Bb2 36. c3 a3 37. Nb4 a2 38. Nxa2 Bxa2 39. f3 Kf7 40. Kf2 Ke6 41. Ke3 Kd5 42. h4 Kc4 43. h5 Bxc3 44. Bxc3 Kxc3 45. Ke4 Kc4 46. Kf5 Kd5 47. h6 Bb1+ 0-1

[Event "Munich Pfingst op-A 1st"]
[Site "Munich"]
[Date "2023.06.01"]
[Round "2"]
[White "Souhardo, Basak"]
[Black "Kazarian, Anna Maja"]
[Result "0-1"]
[WhiteElo "2400"]
[BlackElo "2170"]
[PlyCount "96"]
[EventDate "2023.05.31"]
[EventType "swiss"]
[EventRounds "9"]
[EventCountry "GER"]
[SourceTitle "CBM 214 Extra"]
[Source "ChessBase"]
[SourceDate "2023.07.31"]
[SourceVersion "1"]
[SourceVersionDate "2023.07.31"]
[SourceQuality "1"]

1. e4 e6 2. d4 d5 3. Nd2 Be7 4. Ngf3 Nf6 5. e5 Nfd7 6. Bd3 c5 7. c3 b6 8. 0-0 Ba6 9. Ne1 Bxd3 10. Nxd3 Nc6 11. Qg4 Nf8 12. Nf3 Ng6 13. Be3 c4 14. Nf4 Nxf4 15. Bxf4 Rg8 16. Ng5 Bxg5 17. Bxg5 Qd7 18. f4 f5 19. Qh5+ g6 20. Qe2 b5 21. h3 b4 22. g4 Rb8 23. Kh1 Qf7 24. Bf6 Kd7 25. Rg1 bxc3 26. bxc3 Rb6 27. Rae1 Kc7 28. Qf2 Ne7 29. Qf3 fxg4 30. hxg4 h5 31. gxh5 Nf5 32. Qg4 Qh7 33. Re2 Rbb8 34. h6 Nxh6 35. Qh3 g5 36. fxg5 Rb1 37. Qxh6 Qxh6+ 38. gxh6 Rgxg1+ 39. Kh2 Rh1+ 40. Kg3 Rxh6 41. Kf4 Rh3 42. Rg2 Rf1+ 43. Kg5 Rxc3 44. Kg6 Rd3 45. Kf7 Kd7 46. Rb2 Rxd4 47. Rb7+ Kc6 48. Rxa7 c3 0-1

[Event "Munich Laimer op 2nd"]
[Site "Munich"]
[Date "2023.05.28"]
[Round "4"]
[White "Casadio, Niccolo"]
[Black "Souhardo, Basak"]
[Result "0-1"]
[WhiteElo "2232"]
[BlackElo "2400"]
[PlyCount "80"]
[EventDate "2023.05.26"]
[EventType "swiss"]
[EventRounds "9"]
[EventCountry "GER"]
[SourceTitle "CBM 214 Extra"]
[Source "ChessBase"]
[SourceDate "2023.07.31"]
[SourceVersion "1"]
[SourceVersionDate "2023.07.31"]
[SourceQuality "1"]

1. e4 c5 2. Nf3 d6 3. d4 cxd4 4. Nxd4 Nf6 5. Nc3 a6 6. Be3 e5 7. Nb3 Be6 8. f3 h5 9. Qd2 Nbd7 10. Nd5 Bxd5 11. exd5 g6 12. Be2 Qc7 13. Na5 Bg7 14. c4 0-0 15. 0-0 b6 16. Nc6 Nb8 17. Nxb8 Rfxb8 18. Rac1 a5 19. b3 Nd7 20. a3 Re8 21. Qc2 Nc5 22. b4 axb4 23. axb4 Ra3 24. bxc5 Rxe3 25. c6 e4 26. Qd2 exf3 27. Bxf3 Qe7 28. Rfd1 Qh4 29. g3 Qe7 30. Bg2 h4 31. Qf2 hxg3 32. hxg3 Bh6 33. Rb1 Re2 34. Qf3 Be3+ 35. Kh1 Rf2 36. Qg4 Kg7 37. Re1 Rh8+ 38. Bh3 Rxh3+ 39. Qxh3 Qe4+ 40. Kg1 Re2+ 0-1

[Event "Munich Laimer op 2nd"]
[Site "Munich"]
[Date "2023.05.27"]
[Round "2"]
[White "Koellner, Aaron Noah"]
[Black "Souhardo, Basak"]
[Result "0-1"]
[WhiteElo "2143"]
[BlackElo "2400"]
[PlyCount "104"]
[EventDate "2023.05.26"]
[EventType "swiss"]
[EventRounds "9"]
[EventCountry "GER"]
[SourceTitle "CBM 214 Extra"]
[Source "ChessBase"]
[SourceDate "2023.07.31"]
[SourceVersion "1"]
[SourceVersionDate "2023.07.31"]
[SourceQuality "1"]

1. d4 d5 2. Nf3 Nf6 3. e3 e6 4. Nbd2 Nbd7 5. b3 b6 6. Bb2 Bb7 7. Ne5 Bd6 8. Bd3 0-0 9. Qf3 Bb4 10. Rd1 Ne4 11. Bxe4 dxe4 12. Qe2 a5 13. Nxd7 Qxd7 14. 0-0 a4 15. d5 exd5 16. Nxe4 axb3 17. axb3 Ra2 18. Bc3 Be7 19. Qh5 Qe6 20. Ng3 Rxc2 21. Rc1 Rxc1 22. Rxc1 c5 23. Ra1 d4 24. exd4 Qxb3 25. Rc1 Bf6 26. Qg4 Qa3 27. Rc2 cxd4 28. Bxd4 Qb4 29. Rd2 Qxd2 30. Bxf6 Qc1+ 31. Nf1 Qh6 32. Bd4 b5 33. h4 Qg6 34. Qh3 Rd8 35. Bb2 Rd1 36. h5 Rxf1+ 37. Kxf1 Qb1+ 38. Ke2 Qxb2+ 39. Ke1 Qc1+ 40. Ke2 Qc4+ 41. Kd2 Qd5+ 42. Ke1 b4 43. Qg3 Qd8 44. h6 g6 45. Qe5 Qf8 46. g4 Bc6 47. g5 Qe8 48. Qxe8+ Bxe8 49. Kd2 Kf8 50. Kd3 b3 51. Kc3 Ba4 52. f4 Ke7 0-1

[Event "Novi Sad Serbia op-A"]
[Site "Novi Sad"]
[Date "2022.07.03"]
[Round "6"]
[White "Souhardo, Basak"]
[Black "Parkhov, Yair"]
[Result "1/2-1/2"]
[WhiteElo "2372"]
[BlackElo "2468"]
[PlyCount "85"]
[EventDate "2022.06.28"]
[EventType "swiss"]
[EventRounds "9"]
[EventCountry "SRB"]
[SourceTitle "EXT 2023"]
[Source "ChessBase"]
[SourceDate "2022.10.05"]
[SourceVersion "1"]
[SourceVersionDate "2022.10.05"]
[SourceQuality "1"]

1. e4 c5 2. Nf3 Nc6 3. d4 cxd4 4. Nxd4 Nf6 5. Nc3 e6 6. Ndb5 Bc5 7. Bf4 0-0 8. Bc7 Qe7 9. Bd6 Bxd6 10. Qxd6 Qd8 11. Nc7 Rb8 12. 0-0-0 b5 13. N7xb5 Qb6 14. Qd2 d5 15. exd5 exd5 16. b3 Bf5 17. Na4 Qd8 18. Nd4 Bd7 19. Nc5 Qe7 20. Nxc6 Bxc6 21. Qd4 a5 22. Bd3 Rb4 23. Qe3 Qd6 24. Na6 Rg4 25. Qb6 a4 26. g3 d4 27. Nb4 axb3 28. axb3 Rb8 29. Qxc6 Qxb4 30. f4 Qa3+ 31. Kd2 Qa5+ 32. Ke2 Nd5 33. Ra1 Qd8 34. Kf3 Nb4 35. Qc4 Nxd3 36. Qxd3 Rg6 37. Rhd1 Rc6 38. Ra4 Qc7 39. Rc4 Rc8 40. Qxd4 h5 41. Rxc6 Qxc6+ 42. Qe4 Qc3+ 43. Qd3 1/2-1/2

[Event "Cattolica op-A"]
[Site "Cattolica"]
[Date "2022.06.10"]
[Round "8"]
[White "Kanyamarala, Trisha"]
[Black "Souhardo, Basak"]
[Result "1-0"]
[WhiteElo "2095"]
[BlackElo "2338"]
[PlyCount "73"]
[EventDate "2022.06.04"]
[EventType "swiss"]
[EventRounds "9"]
[EventCountry "ITA"]
[SourceTitle "EXT 2023"]
[Source "ChessBase"]
[SourceDate "2022.10.05"]
[SourceVersion "1"]
[SourceVersionDate "2022.10.05"]
[SourceQuality "1"]

1. d4 Nf6 2. c4 e6 3. Nc3 d5 4. cxd5 exd5 5. Bg5 Be7 6. e3 0-0 7. Bd3 Re8 8. Nge2 Nbd7 9. 0-0 c6 10. Qc2 Nf8 11. f3 g6 12. Bh4 Ne6 13. Kh1 b5 14. Bf2 Bb7 15. e4 b4 16. Na4 Rc8 17. e5 Nd7 18. f4 c5 19. Qd2 Qa5 20. Nxc5 Ndxc5 21. dxc5 Nxc5 22. Bc2 Ne4 23. Bxe4 dxe4 24. Bd4 Qd5 25. Qe3 Bc5 26. Rfd1 Bxd4 27. Rxd4 Qc5 28. Rad1 Rcd8 29. h3 Rxd4 30. Rxd4 Kg7 31. Ng3 Qc6 32. Rd6 Qc7 33. Kh2 Re6 34. Qd4 e3 35. f5 h5 36. Rd7 Qc6 37. Rxb7 1-0

[Event "Cattolica op-A"]
[Site "Cattolica"]
[Date "2022.06.09"]
[Round "7"]
[White "Souhardo, Basak"]
[Black "Korneev, Oleg"]
[Result "1/2-1/2"]
[WhiteElo "2338"]
[BlackElo "2500"]
[PlyCount "32"]
[EventDate "2022.06.04"]
[EventType "swiss"]
[EventRounds "9"]
[EventCountry "ITA"]
[SourceTitle "EXT 2023"]
[Source "ChessBase"]
[SourceDate "2022.10.05"]
[SourceVersion "1"]
[SourceVersionDate "2022.10.05"]
[SourceQuality "1"]

1. e4 c5 2. Nf3 e6 3. d4 cxd4 4. Nxd4 a6 5. Nc3 Qc7 6. Bd3 Nc6 7. Nxc6 dxc6 8. 0-0 Nf6 9. f4 e5 10. f5 b5 11. Qf3 Bb7 12. a4 Rd8 13. Kh1 Be7 14. Be3 0-0 15. axb5 axb5 16. g4 h6 1/2-1/2

[Event "Cattolica d'Estate op-A 2nd"]
[Site "Cattolica"]
[Date "2022.06.03"]
[Round "9"]
[White "Souhardo, Basak"]
[Black "Dudin, Gleb"]
[Result "0-1"]
[WhiteElo "2357"]
[BlackElo "2473"]
[PlyCount "70"]
[EventDate "2022.05.30"]
[EventType "swiss"]
[EventRounds "9"]
[EventCountry "ITA"]
[SourceTitle "CBM 209 Extra"]
[Source "ChessBase"]
[SourceDate "2022.09.30"]
[SourceVersion "1"]
[SourceVersionDate "2022.09.30"]
[SourceQuality "1"]

1. e4 c5 2. Nf3 Nc6 3. d4 cxd4 4. Nxd4 Nf6 5. Nc3 e5 6. Ndb5 d6 7. Bg5 a6 8. Na3 b5 9. Nd5 Be7 10. Bxf6 Bxf6 11. c4 b4 12. Nc2 0-0 13. g3 a5 14. Bg2 g6 15. 0-0 Bg7 16. Qd3 h5 17. Rad1 h4 18. Nde3 h3 19. Bf3 Be6 20. Bg4 Nd4 21. f3 b3 22. axb3 Rb8 23. Nxd4 exd4 24. Nc2 Bxg4 25. fxg4 Qg5 26. Nxd4 Bxd4+ 27. Qxd4 Rxb3 28. Rf2 Rfb8 29. Qxd6 Rxb2 30. Rxb2 Rxb2 31. Qd8+ Qxd8 32. Rxd8+ Kg7 33. Ra8 Rg2+ 34. Kf1 Rxh2 35. Rxa5 Rh1+ 0-1

[Event "Cattolica d'Estate op-A 2nd"]
[Site "Cattolica"]
[Date "2022.06.02"]
[Round "7"]
[White "Souhardo, Basak"]
[Black "Ceres, Dragos"]
[Result "1/2-1/2"]
[WhiteElo "2357"]
[BlackElo "2380"]
[PlyCount "30"]
[EventDate "2022.05.30"]
[EventType "swiss"]
[EventRounds "9"]
[EventCountry "ITA"]
[SourceTitle "CBM 209 Extra"]
[Source "ChessBase"]
[SourceDate "2022.09.30"]
[SourceVersion "1"]
[SourceVersionDate "2022.09.30"]
[SourceQuality "1"]

1. e4 e5 2. Nf3 Nc6 3. Bb5 a6 4. Ba4 Nf6 5. 0-0 b5 6. Bb3 Bb7 7. d3 Be7 8. a4 0-0 9. Re1 d6 10. Nbd2 Qd7 11. c3 Na5 12. Bc2 c5 13. Nf1 Rfe8 14. Bg5 Bd8 15. Ne3 Nc6 1/2-1/2

[Event "Cattolica d'Estate op-A 2nd"]
[Site "Cattolica"]
[Date "2022.06.01"]
[Round "4"]
[White "Korneev, Oleg"]
[Black "Souhardo, Basak"]
[Result "1/2-1/2"]
[WhiteElo "2521"]
[BlackElo "2357"]
[PlyCount "154"]
[EventDate "2022.05.30"]
[EventType "swiss"]
[EventRounds "9"]
[EventCountry "ITA"]
[SourceTitle "CBM 209 Extra"]
[Source "ChessBase"]
[SourceDate "2022.09.30"]
[SourceVersion "1"]
[SourceVersionDate "2022.09.30"]
[SourceQuality "1"]

1. d4 Nf6 2. Nf3 e6 3. Bf4 c5 4. e3 Nc6 5. c3 d5 6. Nbd2 Bd6 7. Bg3 0-0 8. Bd3 b6 9. Qe2 Bb7 10. e4 Be7 11. e5 Nh5 12. a3 g6 13. b4 c4 14. Bc2 b5 15. 0-0 a5 16. Qe3 Kg7 17. Bf4 Nxf4 18. Qxf4 f5 19. exf6+ Bxf6 20. Qe3 Qd6 21. h3 Rae8 22. bxa5 e5 23. dxe5 Nxe5 24. Qa7 Re7 25. Nd4 Bc6 26. Qb6 Rb8 27. Nxb5 Rxb6 28. Nxd6 Rb2 29. Rac1 Nd3 30. Bxd3 cxd3 31. Nb1 Re6 32. Nc8 Ba4 33. Nb6 Bb3 34. c4 dxc4 35. Nxc4 Rxb1 36. Rxb1 Bxc4 37. Rfd1 Bc3 38. Rbc1 d2 39. Rxd2 Bxd2 40. Rxc4 Bxa5 41. Rc2 Re1+ 42. Kh2 Ra1 43. h4 Rxa3 44. g3 Rf3 45. Kg2 Rf7 46. Ra2 Bb6 47. Rb2 Ba7 48. Ra2 Kf6 49. Re2 Bd4 50. Kf3 Rb7 51. Re4 Be5 52. Ra4 Rb3+ 53. Kg2 h5 54. Ra6+ Kg7 55. Ra7+ Kh6 56. Re7 Bd4 57. Rd7 Bb6 58. Rb7 Rb2 59. Kh3 Rb4 60. Kg2 Rb5 61. Kh3 Rb2 62. f3 Rb3 63. Kg2 Rb4 64. Kh3 g5 65. hxg5+ Kxg5 66. Rg7+ Kf6 67. Rb7 Rb1 68. Rh7 Kg5 69. Rg7+ Kh6 70. Rb7 Rh1+ 71. Kg2 Rg1+ 72. Kh2 Bd4 73. Rd7 Rd1 74. Kh3 Kg6 75. Rd6+ Kf7 76. Rd5 Rd3 77. Kg2 Kg6 1/2-1/2

[Event "Cattolica Grandiscacchi op 2nd"]
[Site "Cattolica"]
[Date "2022.05.25"]
[Round "8"]
[White "Souhardo, Basak"]
[Black "Korneev, Oleg"]
[Result "1/2-1/2"]
[WhiteElo "2357"]
[BlackElo "2521"]
[PlyCount "35"]
[EventDate "2022.05.21"]
[EventType "swiss"]
[EventRounds "9"]
[EventCountry "ITA"]
[SourceTitle "CBM 208 Extra"]
[Source "ChessBase"]
[SourceDate "2022.07.31"]
[SourceVersion "1"]
[SourceVersionDate "2022.07.31"]
[SourceQuality "1"]

1. e4 c5 2. Nf3 d6 3. d4 cxd4 4. Nxd4 Nf6 5. Nc3 a6 6. Be2 e6 7. 0-0 Qc7 8. f4 Be7 9. Kh1 0-0 10. a4 Nc6 11. Be3 Re8 12. Bf3 Rb8 13. Qd2 Bf8 14. g4 Nxd4 15. Bxd4 Nd7 16. a5 b5 17. axb6 Nxb6 18. b3 1/2-1/2

[Event "Cattolica Grandiscacchi op 2nd"]
[Site "Cattolica"]
[Date "2022.05.24"]
[Round "6"]
[White "Souhardo, Basak"]
[Black "Ishvi, Aggarwal"]
[Result "1-0"]
[WhiteElo "2357"]
[BlackElo "1709"]
[PlyCount "57"]
[EventDate "2022.05.21"]
[EventType "swiss"]
[EventRounds "9"]
[EventCountry "ITA"]
[SourceTitle "CBM 208 Extra"]
[Source "ChessBase"]
[SourceDate "2022.07.31"]
[SourceVersion "1"]
[SourceVersionDate "2022.07.31"]
[SourceQuality "1"]

1. e4 e5 2. Nf3 Nc6 3. Bb5 a6 4. Ba4 Nf6 5. 0-0 Be7 6. Re1 b5 7. Bb3 d6 8. c3 0-0 9. h3 Na5 10. Bc2 c5 11. d4 Nd7 12. Nbd2 exd4 13. cxd4 Nc6 14. d5 Nce5 15. a4 Rb8 16. Nxe5 Nxe5 17. axb5 axb5 18. f4 Ng6 19. Nf3 Bh4 20. Rf1 Bg3 21. f5 Ne5 22. Ng5 h6 23. f6 hxg5 24. Bxg5 g6 25. Ra3 b4 26. Rxg3 Kh7 27. Bh6 Kxh6 28. Rf4 g5 29. Rh4+ 1-0

[Event "Budapest FS12 GM"]
[Site "Budapest"]
[Date "2021.12.14"]
[Round "9"]
[White "Souhardo, Basak"]
[Black "Nagy, Gabor"]
[Result "1/2-1/2"]
[WhiteElo "2354"]
[BlackElo "2527"]
[PlyCount "60"]
[EventDate "2021.12.04"]
[EventType "tourn"]
[EventRounds "9"]
[EventCountry "HUN"]
[EventCategory "7"]
[SourceTitle "CBM 205 Extra"]
[Source "ChessBase"]
[SourceDate "2022.01.31"]
[SourceVersion "1"]
[SourceVersionDate "2022.01.31"]
[SourceQuality "1"]

1. e4 g6 2. d4 Bg7 3. Nc3 d6 4. f4 Nf6 5. Nf3 0-0 6. e5 dxe5 7. fxe5 Nd5 8. Bc4 Be6 9. Nxd5 Bxd5 10. Bxd5 Qxd5 11. Qe2 f6 12. c4 Qe6 13. exf6 Qxe2+ 14. Kxe2 exf6 15. Bd2 Nd7 16. Rae1 Rad8 17. Kf2 f5 18. Bb4 Rfe8 19. Rxe8+ Rxe8 20. Re1 Re4 21. b3 Nf6 22. Rxe4 Nxe4+ 23. Ke3 Kf7 24. Be1 c6 25. Kd3 h5 26. Nd2 Nxd2 27. Bxd2 Ke6 28. h4 Bf8 29. g3 a6 30. Bf4 Be7 1/2-1/2

[Event "Budapest FS12 GM"]
[Site "Budapest"]
[Date "2021.12.11"]
[Round "7"]
[White "Avinash, Ramesh"]
[Black "Souhardo, Basak"]
[Result "0-1"]
[WhiteElo "2391"]
[BlackElo "2354"]
[PlyCount "72"]
[EventDate "2021.12.04"]
[EventType "tourn"]
[EventRounds "9"]
[EventCountry "HUN"]
[EventCategory "7"]
[SourceTitle "CBM 205 Extra"]
[Source "ChessBase"]
[SourceDate "2022.01.31"]
[SourceVersion "1"]
[SourceVersionDate "2022.01.31"]
[SourceQuality "1"]

1. e4 c5 2. Nf3 d6 3. d4 cxd4 4. Nxd4 Nf6 5. Nc3 a6 6. Bg5 Nbd7 7. Bc4 Qb6 8. Bb3 e6 9. a4 Nc5 10. Bxf6 gxf6 11. a5 Qc7 12. 0-0 Nxb3 13. Nxb3 Bd7 14. Re1 h5 15. Na4 Bxa4 16. Rxa4 Rc8 17. c3 Be7 18. Nd2 Rd8 19. c4 Kd7 20. b4 Rdg8 21. c5 dxc5 22. Nc4+ Ke8 23. bxc5 Bxc5 24. Qf3 Rg4 25. Ne3 Rf4 26. Qg3 Kf8 27. Rc4 h4 28. Qh3 Qxa5 29. Rec1 b6 30. g3 Rxf2 31. Kxf2 Qd2+ 32. Kf1 Qxe3 33. Kg2 Qf2+ 34. Kh1 Qf3+ 35. Qg2 hxg3 36. Rxc5 Rxh2+ 0-1

[Event "Budapest FS12 GM"]
[Site "Budapest"]
[Date "2021.12.05"]
[Round "2"]
[White "Souhardo, Basak"]
[Black "Nitish, Belurkar"]
[Result "1/2-1/2"]
[WhiteElo "2354"]
[BlackElo "2464"]
[PlyCount "95"]
[EventDate "2021.12.04"]
[EventType "tourn"]
[EventRounds "9"]
[EventCountry "HUN"]
[EventCategory "7"]
[SourceTitle "CBM 205 Extra"]
[Source "ChessBase"]
[SourceDate "2022.01.31"]
[SourceVersion "1"]
[SourceVersionDate "2022.01.31"]
[SourceQuality "1"]

1. e4 e6 2. d4 d5 3. Nd2 c5 4. exd5 Qxd5 5. Ngf3 cxd4 6. Bc4 Qd7 7. 0-0 a6 8. Nb3 Nc6 9. Nbxd4 Nxd4 10. Nxd4 Qc7 11. Bd3 Bd6 12. Qh5 Bd7 13. c4 Nf6 14. Qh4 h6 15. Be3 0-0-0 16. c5 Be5 17. c6 g5 18. Qh3 Be8 19. cxb7+ Kb8 20. Rac1 Qxb7 21. Nxe6 Rxd3 22. Nc5 Bd7 23. Nxb7 Bxh3 24. Nc5 Bf5 25. Nxd3 Bxd3 26. Rfd1 Rd8 27. f3 Kb7 28. Rd2 Rd7 29. Rcd1 Bb5 30. Rxd7+ Nxd7 31. Bd4 Bc7 32. b3 Ne5 33. a4 Bc6 34. Kf2 h5 35. Be3 f6 36. Bd4 h4 37. h3 Kc8 38. Ke2 Bd7 39. Rc1 Kb7 40. Rc3 Be6 41. Rc1 f5 42. Rxc7+ Kxc7 43. Bxe5+ Kc6 44. b4 g4 45. f4 Bc4+ 46. Ke1 Kd5 47. b5 axb5 48. axb5 1/2-1/2

[Event "Budapest Vezerkepzo GM 11"]
[Site "Budapest"]
[Date "2021.11.19"]
[Round "2"]
[White "Prraneeth, Vuppala"]
[Black "Souhardo, Basak"]
[Result "1-0"]
[WhiteElo "2275"]
[BlackElo "2382"]
[PlyCount "59"]
[EventDate "2021.11.18"]
[EventType "tourn"]
[EventRounds "9"]
[EventCountry "HUN"]
[EventCategory "6"]
[SourceTitle "CBM 205 Extra"]
[Source "ChessBase"]
[SourceDate "2022.01.31"]
[SourceVersion "1"]
[SourceVersionDate "2022.01.31"]
[SourceQuality "1"]

1. e4 c5 2. Nf3 d6 3. Bb5+ Nd7 4. a4 Ngf6 5. Nc3 a6 6. Be2 g6 7. a5 Bg7 8. 0-0 0-0 9. d3 Nb8 10. e5 Ng4 11. exd6 Qxd6 12. h3 Nf6 13. Nd2 Qc7 14. Nc4 Nc6 15. Na4 Nd4 16. Ncb6 Rb8 17. c3 Ne6 18. Nxc8 Rbxc8 19. Nb6 Rcd8 20. Bf3 Nd7 21. Nxd7 Rxd7 22. Qe2 Rfd8 23. Rd1 Nf8 24. Ra4 e5 25. Bg5 f6 26. Be3 Ne6 27. b4 cxb4 28. Qa2 Re8 29. Rxb4 Qxc3 30. Rc4 1-0

[Event "Budapest FS11 GM"]
[Site "Budapest"]
[Date "2021.11.16"]
[Round "11"]
[White "Nitish, Belurkar"]
[Black "Souhardo, Basak"]
[Result "1/2-1/2"]
[WhiteElo "2362"]
[BlackElo "2382"]
[PlyCount "76"]
[EventDate "2021.11.06"]
[EventType "tourn"]
[EventRounds "11"]
[EventCountry "HUN"]
[EventCategory "6"]
[SourceTitle "CBM 205 Extra"]
[Source "ChessBase"]
[SourceDate "2022.01.31"]
[SourceVersion "1"]
[SourceVersionDate "2022.01.31"]
[SourceQuality "1"]

1. e4 c5 2. c3 Nf6 3. e5 Nd5 4. Bc4 Nb6 5. Bb3 Nc6 6. Nf3 c4 7. Bc2 d6 8. exd6 Qxd6 9. 0-0 Bg4 10. Re1 e6 11. b3 0-0-0 12. h3 Bh5 13. Be4 f5 14. Bxc6 Qxc6 15. Ne5 Bxd1 16. Nxc6 bxc6 17. Rxd1 Rd3 18. Re1 Kd7 19. Re2 Bd6 20. Na3 e5 21. Nc2 e4 22. Ba3 c5 23. Ne3 g6 24. Rb1 Kc6 25. Nxc4 Nxc4 26. bxc4 a6 27. Kf1 h5 28. Ke1 h4 29. Kd1 Rh5 30. Kc2 Rg5 31. f3 exf3 32. gxf3 Rxf3 33. Re8 Rg2 34. Ra8 Bf4 35. Rxa6+ Kc7 36. Ra7+ Kc6 37. Ra6+ Kc7 38. Ra7+ Kc6 1/2-1/2

[Event "Budapest FS11 GM"]
[Site "Budapest"]
[Date "2021.11.08"]
[Round "3"]
[White "Souhardo, Basak"]
[Black "Pasti, Aron"]
[Result "1-0"]
[WhiteElo "2382"]
[BlackElo "2335"]
[PlyCount "75"]
[EventDate "2021.11.06"]
[EventType "tourn"]
[EventRounds "11"]
[EventCountry "HUN"]
[EventCategory "6"]
[SourceTitle "CBM 205 Extra"]
[Source "ChessBase"]
[SourceDate "2022.01.31"]
[SourceVersion "1"]
[SourceVersionDate "2022.01.31"]
[SourceQuality "1"]

1. Nf3 d5 2. d4 Nf6 3. c4 e6 4. g3 dxc4 5. Bg2 Nc6 6. Qa4 Bb4+ 7. Bd2 Nd5 8. Bxb4 Ndxb4 9. 0-0 Rb8 10. Nc3 a6 11. Ne5 0-0 12. Bxc6 Nxc6 13. Nxc6 bxc6 14. Qxc4 Qd6 15. Ne4 Qd5 16. Qc2 e5 17. dxe5 Qxe5 18. Nc3 Be6 19. Rfd1 f5 20. e3 Rb4 21. Rd2 Rfb8 22. b3 c5 23. Rad1 c4 24. Nd5 cxb3 25. axb3 Bxd5 26. Rxd5 Qf6 27. Qxc7 h6 28. Rd6 Qb2 29. Qe7 R4b5 30. Qe6+ Kh8 31. Rd8+ Rxd8 32. Rxd8+ Kh7 33. Qg8+ Kg6 34. Rd6+ Kg5 35. Qd8+ Kg4 36. Kg2 f4 37. Qh4+ Kf5 38. Qxf4# 1-0

[Event "Budapest Vezerkepzo GM 11th"]
[Site "Budapest"]
[Date "2021.10.30"]
[Round "5"]
[White "Nitish, Belurkar"]
[Black "Souhardo, Basak"]
[Result "1/2-1/2"]
[WhiteElo "2362"]
[BlackElo "2382"]
[PlyCount "48"]
[EventDate "2021.10.26"]
[EventType "tourn"]
[EventRounds "9"]
[EventCountry "HUN"]
[EventCategory "7"]
[SourceTitle "CBM 205 Extra"]
[Source "ChessBase"]
[SourceDate "2022.01.31"]
[SourceVersion "1"]
[SourceVersionDate "2022.01.31"]
[SourceQuality "1"]

1. e4 c5 2. Nf3 d6 3. d4 cxd4 4. Nxd4 Nf6 5. Nc3 a6 6. Be2 e5 7. Nb3 Be7 8. 0-0 0-0 9. Re1 Be6 10. Bf3 Nbd7 11. a4 Qb8 12. Qd3 Rc8 13. Be3 b5 14. axb5 Bc4 15. Qd2 axb5 16. Na5 Be6 17. Nd5 Bd8 18. b4 Ra6 19. h3 h6 20. Red1 Qa8 21. Nb3 Rcc6 22. Na5 Rc8 23. Nb3 Rcc6 24. Na5 Rc8 1/2-1/2

[Event "Paracin Summer op 14th"]
[Site "Paracin"]
[Date "2021.07.12"]
[Round "4"]
[White "Rowe, Duane"]
[Black "Souhardo, Basak"]
[Result "0-1"]
[WhiteElo "2157"]
[BlackElo "2364"]
[PlyCount "76"]
[EventDate "2021.07.09"]
[EventType "swiss"]
[EventRounds "9"]
[EventCountry "SRB"]
[SourceTitle "EXT 2022"]
[Source "ChessBase"]
[SourceDate "2021.10.06"]
[SourceVersion "1"]
[SourceVersionDate "2021.10.06"]
[SourceQuality "1"]

1. e4 c5 2. Nf3 d6 3. d4 cxd4 4. Nxd4 Nf6 5. Nc3 a6 6. g3 e5 7. Nde2 Be7 8. Bg2 b5 9. h3 Nbd7 10. g4 b4 11. Nd5 Nxd5 12. exd5 a5 13. 0-0 h5 14. gxh5 Rxh5 15. Nf4 Rh4 16. Nh5 Nf6 17. Nxg7+ Kf8 18. Qf3 Kxg7 19. Qg3+ Ng4 20. f3 Qb6+ 21. Kh1 Ba6 22. fxg4 Bxf1 23. Bxf1 Qd4 24. c3 bxc3 25. bxc3 Qxd5+ 26. Bg2 Qd1+ 27. Kh2 Qc2 28. Kg1 Rc8 29. Be3 Rxc3 30. Qe1 Qd3 31. Bd2 Qd4+ 32. Qf2 Qxf2+ 33. Kxf2 Rc2 34. Ke1 Bg5 35. Rd1 Rxd2 36. Rxd2 Bxd2+ 37. Kxd2 f5 38. gxf5 Kf6 0-1